| 000 | 00332nam a22001097a 4500 | ||
|---|---|---|---|
| 008 | 150112b xxu||||| |||| 00| 0 eng d | ||
| 050 | _aD843.L722 1997 | ||
| 100 |
_aMulgan, Geoff _94872 |
||
| 245 |
_aLife After Politics _bNew thinking for the twenty-first century _cGeoff Mulgan |
||
| 260 |
_aLondon _bFontana Press _c1997 |
||
| 999 |
_c121591 _d121591 |
||